Hamilton - Guess the Song with No Hints #3 - Statistics

General Stats
  • This quiz has been taken 676 times
  • The average score is 78 of 182
Answer Stats
Lyrics % Correct
a
97%
I
93%
the
88%
you
80%
you.
80%
You
80%
he
74%
Burr"
72%
Burr?
72%
do.
71%
to
67%
in
65%
it
64%
it.
64%
me
64%
me--
64%
me?
64%
No
63%
be
60%
who
60%
my
58%
on
58%
what
58%
when
58%
and
57%
And
57%
are
57%
know
56%
They
55%
they
55%
how
54%
Aaron
53%
so
53%
was
53%
for
52%
that
51%
your
49%
don't
47%
his
47%
one
46%
like
45%
I'm
44%
Schuyler,
44%
up
43%
or
42%
knows.
41%
knows
41%
need
41%
of
41%
why
40%
Grandpa
39%
Look!
39%
New
38%
paper
36%
seat
36%
again.
35%
just
35%
York..."
35%
York
35%
Since
34%
Democratic-
33%
lost
33%
Republican?
33%
see
33%
wait-
33%
you're
33%
senate
32%
senate.
32%
senator
32%
But
31%
out
31%
sure
31%
already
30%
goes...
30%
has
30%
Philip
30%
that's
30%
"war
30%
will
30%
being
29%
Grandpa's
29%
put
29%
any
28%
down
28%
father
28%
gonna
28%
Sometimes
28%
us
28%
meet
27%
our
27%
by
26%
Daddy's
26%
find
26%
minute.
26%
think
26%
law!
25%
You'll
25%
young
25%
all.
24%
always
24%
end.
24%
from
24%
friend.
23%
Further
23%
further
23%
"Let's
23%
loses
23%
run
23%
took
23%
saw.
22%
upstart
22%
against
21%
create.
21%
Excuse
21%
grabs,
21%
great.
21%
newest
21%
Schuyler Defeated
21%
Street
21%
hero,
20%
Oh,
20%
things
20%
thinks
20%
Wall
20%
adored
19%
considered
19%
I've
19%
opportunity
19%
parties
19%
people
19%
changed
18%
crooked!
18%
upstate-
18%
death
16%
seize
16%
pride
15%
fall.
14%
swear,
14%
before
12%
Schuyler's
12%
Beware:
11%
goeth
7%
No matching quizzes found
Score Distribution
Percent of People with Each Score
Percentile by Number Answered
Your Score History
You have not taken this quiz